000 00533nam a2200181Ia 4500
999 _c28937
_d28937
003 OSt
005 20201228094628.0
008 190216s9999||||xx |||||||||||||| ||und||
020 _a9788182640986
040 _coclc
082 _a894.8129
_bBHA/P
100 _aBharadwaj, Babu
_96732
245 0 _aPravasiyude Kurippukal /
_cBabu Bharadwaj
260 _bMathrubhumi Printing &publishing,
_aKozhikode:
_c2004.
300 _a263p
650 _aMalayalam
942 _cBK
_2ddc
_h894.8129
_iBHA/P
_k894.8129
_mBHA/P